03479nam a2200601uu 4500001000800000005001700008008004100025020001800066035001200084040001300096041000800109080000600117082000800123100004400131245009300175250001700268260010100285300004400386505057900430520058901009650003801598650003201636650003401668650003601702650005801738650003201796650002301828650002001851650003301871650002401904700004001928700003601968700004702004700004102051700004302092700004902135700004402184700004302228700004102271700004102312700005402353700004102407700004002448700004402488700004502532700003902577700004502616700003902661700004202700700004402742700004802786700004302834147694520260508092025.0171023s2016 spa  a9789588947488 a1476945 ccomduadb aspa aS 4a61310aRamírez Hoyos, Diana Milena4edteedt11aParque de la vida : ¡Esto es vida! : proyectos sociales para la promoción de la salud a1. edición aMedellín :bUniversidad de Antioquia. Facultad de Medicina ;bAlcaldía de Medellín,c2016. a159 páginas :bilustraciones a color. aCONTENIDO : 1: Nuestra apuesta por la participación comunitaria. -- Medellín se toma la palabra. -- Reconocimiento social del distrito. -- 10 en participación. -- 2: Nuestro trabajo por los comportamientos saludables. -- Saludando. -- Parches saludables. -- En casa somos. -- Convive. -- CapacidadES. -- Activo mi vida, disfruto la actividad física. -- Gestión comunitaria. -- La evaluación. -- 3: La comunicación, más que un instrumento. -- Componente de movilización. -- Unidad estratégica de desarrollo de comunicación y salud. -- Parque de la vida.3 a"Es una recopilación de nuestro quehacer en el Parque de la Vida, una propuesta de ciudad, de región y de país, [...] por la promoción de la salud, la calidad de vida y el desarrollo humano". "Consta de 3 capítulos. En el primero abordamos nuestras experiencias en participación comunitaria, como uno de sus ejes centrales de desarrollo. En el segundo nos aproximamos a nuestro trabajo por los comportamientos saludables como apuesta de desarrollo humano. Finalmente, el tercer capítulo hace referencia a la comunicación como procesos transversal a nuestro quehacer." 7aParticipación comunitaria2lemb 7aConvivencia familiar2embne 7aPromoción de la salud2lemb aInclusión social - Medellín aParque de la vida - Medellín (Antioquia, Colombia ) 0aComunicación en medicina  0aActividad física aFamilia y salud aCalidad de vida - Medellín aCultura de la salud10aMurillo Hoyos, Juan David4edteedt10aRomero Deluque, Greta4auieaui10aVásquez Hernández, Alejandro4auteaut10aEcheverri Betancur, Andrea4auteaut10aLondoño Cañola, Catalina4auteaut10aGarcés Valderrama, Diana Marcela4auteaut10aArias Marín, Diego Fernando4auteaut10aLópez Roldán, Diva Farad4auteaut10aBustamante Ospina, Edilson4auteaut10aBenjumea Valderrama, Erika4auteaut10aPeralta Aristizábal, Hérika María4auteaut10aRúa Arboleda, Jacqueline4auteaut10aRestrepo Correa, Julián4auteaut10aVital López , Julieth Paola4auteaut10aSantiago Ramirez, Kelly Johana4auteaut10aManosalva Fajardo, Kelly4auteaut10aSalom Calle, Leonardo Andrés4auteaut10aCeballos Torres, Liliana4auteaut10aLópez Soto, Luis Fernando4auteaut10aCardozo Giraldo, Luis Ignacio4auteaut10aZuluaga Buriticá, María Paula4auteaut10aPedraza Pérez, Sebastián4auteaut